[Event "3. Open Internacional de Calviá"]
[Site "Calvia ESP"]
[Date "2006.10.25"]
[Round "6.27"]
[White "So, Wesley"]
[Black "Guennoun, Anthony"]
[Result "1-0"]
[WhiteElo "2411"]
[BlackElo "2122"]
[PlyCount "89"]
[EventDate "2006.10.20"]
[EventType "swiss"]
[EventRounds "9"]
[EventCountry "ESP"]
[Source "lmi"]
[SourceDate "2006.10.20"]

1. e4 c5 2. Nf3 Nc6 3. d4 cxd4 4. Nxd4 Nf6 5. Nc3 e5 6. Ndb5 d6 7. Bg5 a6 8.
Na3 b5 9. Bxf6 gxf6 10. Nd5 f5 11. Bd3 Be6 12. O-O Bg7 13. Qh5 f4 14. c4 b4 15.
Nc2 Rb8 16. b3 a5 17. g3 Ne7 18. Nxe7 Qxe7 19. Kh1 Qf6 20. Be2 Qg6 21. Bf3 Qxh5
22. Bxh5 Ke7 23. Rad1 Rhg8 24. Ne1 f5 25. Bf3 fxg3 26. fxg3 Rgf8 27. Nd3 fxe4
28. Bxe4 Bg4 29. Rxf8 Rxf8 30. Rd2 h5 31. Rf2 Rxf2 32. Nxf2 Be2 33. Kg2 Ke6 34.
Bd5+ Kf5 35. Bf3 Bxf3+ 36. Kxf3 Bf8 37. h3 Be7 38. g4+ hxg4+ 39. hxg4+ Kg5 40.
Ke4 Bf8 41. Kf3 Be7 42. Nd1 Bd8 43. Ne3 Bb6 44. Nf5 Bc5 45. Ng3 1-0

[Event "3. Open Internacional de Calviá"]
[Site "Calvia ESP"]
[Date "2006.10.25"]
[Round "6.29"]
[White "Linik, Yaron"]
[Black "Kutuzov, Denis"]
[Result "0-1"]
[WhiteElo "2150"]
[BlackElo "2315"]
[PlyCount "66"]
[EventDate "2006.10.20"]
[EventType "swiss"]
[EventRounds "9"]
[EventCountry "ESP"]
[Source "lmi"]
[SourceDate "2006.10.20"]

1. e4 a6 2. d4 b5 3. Nf3 Bb7 4. Bd3 Nf6 5. Qe2 e6 6. Bg5 c5 7. dxc5 Bxc5 8. e5
h6 9. exf6 hxg5 10. fxg7 Rg8 11. Nbd2 Be7 12. Ne5 Rxg7 13. O-O-O d6 14. Nef3
Nc6 15. Nb3 Qc7 16. Nfd4 Ne5 17. Rhe1 Bd5 18. Be4 Bc4 19. Qh5 O-O-O 20. Qh6
Rgg8 21. Qh3 g4 22. Qc3 d5 23. f4 gxf3 24. Nxf3 Bf6 25. Nxe5 Bxe5 26. Qa5 Qxa5
27. Nxa5 Bf4+ 28. Kb1 dxe4 29. b3 Bd5 30. c4 bxc4 31. bxc4 Ba8 32. Rxd8+ Rxd8
33. Rf1 e3 0-1

[Event "3. Open Internacional de Calviá"]
[Site "Calvia ESP"]
[Date "2006.10.25"]
[Round "6.30"]
[White "Habibi, Ali"]
[Black "Serrano Bozada, Esteban"]
[Result "1/2-1/2"]
[WhiteElo "2298"]
[BlackElo "2073"]
[PlyCount "135"]
[EventDate "2006.10.20"]
[EventType "swiss"]
[EventRounds "9"]
[EventCountry "ESP"]
[Source "lmi"]
[SourceDate "2006.10.20"]

1. Nf3 Nf6 2. g3 g6 3. Bg2 Bg7 4. O-O O-O 5. d3 d5 6. c3 Nbd7 7. Qa4 e5 8. Nbd2
c6 9. e4 Re8 10. Qc2 Qc7 11. a4 Nf8 12. h3 h6 13. Nb3 dxe4 14. dxe4 Be6 15. Nc5
Bc4 16. Re1 b6 17. Nd2 Be6 18. Nxe6 Nxe6 19. Nc4 Rad8 20. Be3 h5 21. a5 b5 22.
Nd2 Kh7 23. Qc1 Bh6 24. Bxh6 Kxh6 25. Nf3+ Kg7 26. Qe3 Rd7 27. Bf1 Red8 28. b4
Ne8 29. Rac1 f6 30. c4 Qb7 31. c5 Nd4 32. Nh4 Rf7 33. f4 Qe7 34. f5 g5 35. Ng6
Qc7 36. Kh1 Kh7 37. Red1 Ng7 38. Rd3 Rfd7 39. g4 h4 40. Qf2 Kg8 41. Rcd1 Ne8
42. Qa2+ Kg7 43. Kg2 Qc8 44. Qd2 Qb8 45. Kh1 Qc7 46. Qa2 Rf7 47. Qf2 Rfd7 48.
Be2 Qb8 49. R1d2 Nc7 50. Qe1 Na6 51. Qb1 Qc7 52. Bd1 Kh6 53. Kg2 Nb8 54. Bb3
Rg7 55. Ba2 Nd7 56. Qe1 Rh7 57. Qg1 Nf8 58. Nxf8 Rxf8 59. Qb1 Rd8 60. Be6 Re7
61. Qa2 Kg7 62. Qb1 Kf8 63. Qd1 Kg7 64. a6 Kf8 65. Ba2 Kg7 66. Qb1 Qc8 67. Ra3
Qc7 68. Qb2 1/2-1/2

[Event "3. Open Internacional de Calviá"]
[Site "Calvia ESP"]
[Date "2006.10.25"]
[Round "6.31"]
[White "Pinilla Santibanez, Roberto"]
[Black "Galiana, Juan Ramon"]
[Result "0-1"]
[WhiteElo "2114"]
[BlackElo "2291"]
[PlyCount "126"]
[EventDate "2006.10.20"]
[EventType "swiss"]
[EventRounds "9"]
[EventCountry "ESP"]
[Source "lmi"]
[SourceDate "2006.10.20"]

1. e4 e6 2. d4 d5 3. Nc3 Nf6 4. exd5 exd5 5. Nf3 Be7 6. Bd3 Bg4 7. Be3 c6 8. h3
Bxf3 9. Qxf3 Nbd7 10. Ne2 Qa5+ 11. c3 Qb6 12. O-O Bd6 13. Ng3 Bxg3 14. fxg3 O-O
15. Rf2 Rae8 16. Bf4 Ne4 17. Re2 f5 18. Rf1 g6 19. Bh6 Rf7 20. g4 Ne5 21. Qe3
Nxd3 22. Qxd3 fxg4 23. Rxf7 Kxf7 24. hxg4 Qd8 25. Re1 Qh4 26. Rf1+ Ke7 27. Qh3
Qxh3 28. gxh3 Rg8 29. Be3 h5 30. Kg2 hxg4 31. hxg4 Rh8 32. Rh1 Rxh1 33. Kxh1
Nd6 34. Kg2 Nc4 35. Bg5+ Ke6 36. Bc1 Kf6 37. Kf3 b5 38. Kf4 a5 39. g5+ Ke6 40.
b3 Nd6 41. Bd2 a4 42. Bc1 Ne4 43. Bb2 a3 44. Bxa3 Nxc3 45. Bc5 Nxa2 46. b4 Nc1
47. Bf8 Nb3 48. Ke3 Kf5 49. Be7 Nc1 50. Kd2 Na2 51. Kc2 Ke4 52. Bc5 Nxb4+ 53.
Bxb4 Kxd4 54. Be1 Kc4 55. Bd2 c5 56. Bf4 d4 57. Bd2 Kd5 58. Kb3 Ke4 59. Kc2 b4
60. Be1 Ke3 61. Bd2+ Ke2 62. Bf4 c4 63. Kb2 d3 0-1

[Event "3. Open Internacional de Calviá"]
[Site "Calvia ESP"]
[Date "2006.10.25"]
[Round "6.32"]
[White "Grant, Jonathan"]
[Black "Sorell Nicolau, Pau"]
[Result "1-0"]
[WhiteElo "2271"]
[BlackElo "1888"]
[PlyCount "99"]
[EventDate "2006.10.20"]
[EventType "swiss"]
[EventRounds "9"]
[EventCountry "ESP"]
[Source "lmi"]
[SourceDate "2006.10.20"]

1. c4 Nf6 2. Nc3 e5 3. Nf3 Nc6 4. g3 Bb4 5. Nd5 Bc5 6. Bg2 d6 7. O-O h6 8. d3
Be6 9. Nd2 a6 10. a3 Qd7 11. e3 h5 12. b4 Ba7 13. Nxf6+ gxf6 14. Ne4 Ke7 15.
Nc3 Rhg8 16. Nd5+ Bxd5 17. cxd5 Nb8 18. h4 c6 19. dxc6 Nxc6 20. Kh2 Nd8 21. d4
Ne6 22. Bh3 d5 23. dxe5 fxe5 24. Bb2 d4 25. Qf3 Rac8 26. Qe4 f6 27. exd4 Rc4
28. Qd3 Qd5 29. Bg2 Qb5 30. a4 Rxd4 31. Qxd4 Bxd4 32. axb5 Bxb2 33. Ra2 Bd4 34.
bxa6 bxa6 35. Rxa6 Rb8 36. Ra4 Nc7 37. Bf3 Nb5 38. Ra5 Nc3 39. b5 Bb6 40. Ra6
e4 41. Bxh5 Kd6 42. Kg2 Kc5 43. Rc1 Kd4 44. Bg6 Kd3 45. Ra3 Bd4 46. Rd1+ Kc4
47. Bf7+ Kb4 48. Rb3+ Kc5 49. Rc1 Rb7 50. Rbxc3+ 1-0

[Event "3. Open Internacional de Calviá"]
[Site "Calvia ESP"]
[Date "2006.10.25"]
[Round "6.33"]
[White "Coimbra, Margarida"]
[Black "Barcelo, Pedro"]
[Result "1/2-1/2"]
[WhiteElo "2047"]
[BlackElo "2261"]
[PlyCount "58"]
[EventDate "2006.10.20"]
[EventType "swiss"]
[EventRounds "9"]
[EventCountry "ESP"]
[Source "lmi"]
[SourceDate "2006.10.20"]

1. e4 c5 2. Nc3 Nc6 3. g3 g6 4. Bg2 Bg7 5. d3 d6 6. Be3 e6 7. Qd2 Nd4 8. Nd1
Ne7 9. c3 Ndc6 10. Bh6 Bxh6 11. Qxh6 Ng8 12. Qd2 Qf6 13. Ne3 Nge7 14. Ne2 O-O
15. h4 Qg7 16. h5 e5 17. f4 Be6 18. hxg6 hxg6 19. Bh3 Bxh3 20. Rxh3 f5 21.
O-O-O Kf7 22. Rdh1 Rh8 23. Qd1 Rxh3 24. Rxh3 Rh8 25. Qh1 Rxh3 26. Qxh3 Qf6 27.
Qh7+ Qg7 28. Qh3 Qf6 29. Qh7+ Qg7 1/2-1/2

[Event "3. Open Internacional de Calviá"]
[Site "Calvia ESP"]
[Date "2006.10.25"]
[Round "6.35"]
[White "Mercant Simon, Jaume"]
[Black "Ehsan, Ali"]
[Result "0-1"]
[WhiteElo "2108"]
[BlackElo "2236"]
[PlyCount "40"]
[EventDate "2006.10.20"]
[EventType "swiss"]
[EventRounds "9"]
[EventCountry "ESP"]
[Source "lmi"]
[SourceDate "2006.10.20"]

1. e4 e5 2. Nf3 Nc6 3. Bb5 f5 4. d4 fxe4 5. Nxe5 Nxe5 6. dxe5 c6 7. Bc4 Qa5+ 8.
Bd2 Qxe5 9. Bc3 Qg5 10. Bxg8 Rxg8 11. O-O d5 12. f3 Bf5 13. Qd4 Bd6 14. Nd2
O-O-O 15. fxe4 dxe4 16. Qxa7 Bh3 17. Qa8+ Bb8 18. g3 Rxd2 19. Rf4 Qc5+ 20. Kh1
Bg2# 0-1

[Event "3. Open Internacional de Calviá"]
[Site "Calvia ESP"]
[Date "2006.10.25"]
[Round "6.36"]
[White "Tscharotschkin, Michael"]
[Black "Ruprich, Udo"]
[Result "1/2-1/2"]
[WhiteElo "2215"]
[BlackElo "2035"]
[PlyCount "57"]
[EventDate "2006.10.20"]
[EventType "swiss"]
[EventRounds "9"]
[EventCountry "ESP"]
[Source "lmi"]
[SourceDate "2006.10.20"]

1. e4 e5 2. Nf3 d6 3. d4 exd4 4. Nxd4 Nf6 5. Nc3 Be7 6. g3 Bd7 7. Bg2 Nc6 8.
O-O O-O 9. f4 Nxd4 10. Qxd4 c5 11. Qf2 Qb6 12. h3 Bc6 13. b3 Nd7 14. Bb2 Rad8
15. Nd5 Bxd5 16. exd5 Bf6 17. c4 Bxb2 18. Qxb2 Rde8 19. Rae1 Qa5 20. Kf2 h5 21.
Bf3 Nf6 22. g4 hxg4 23. hxg4 Rxe1 24. Rxe1 Re8 25. Rxe8+ Nxe8 26. g5 Qd8 27.
Qe2 g6 28. Qe1 Ng7 29. Bg4 1/2-1/2

[Event "3. Open Internacional de Calviá"]
[Site "Calvia ESP"]
[Date "2006.10.25"]
[Round "6.37"]
[White "Vallespir Salor, Gabriel"]
[Black "Fogel, Pierre"]
[Result "0-1"]
[WhiteElo "2088"]
[BlackElo "2202"]
[PlyCount "70"]
[EventDate "2006.10.20"]
[EventType "swiss"]
[EventRounds "9"]
[EventCountry "ESP"]
[Source "lmi"]
[SourceDate "2006.10.20"]

1. c4 Nf6 2. Nf3 e6 3. g3 d5 4. Bg2 Be7 5. O-O O-O 6. d4 c6 7. Nbd2 Nbd7 8. b3
b6 9. Bb2 Ba6 10. Re1 Rc8 11. e4 c5 12. e5 Ne8 13. cxd5 exd5 14. Rc1 Nc7 15.
Nf1 Re8 16. Ne3 g6 17. h4 Nf8 18. Ng5 h6 19. Nh3 cxd4 20. Qxd4 Nfe6 21. Qd2 d4
22. Nc4 Nd5 23. Nd6 Bxd6 24. Rxc8 Bxc8 25. exd6 Qxd6 26. Bxd4 Qb4 27. Qd1 Rd8
28. Bb2 Ne3 29. Qe2 Nxg2 30. Kxg2 Rd2 31. Qe5 Rxb2 32. Rc1 Bb7+ 33. Kh2 Rd2 34.
Qb8+ Nd8 35. Rc7 Qe4 0-1

[Event "3. Open Internacional de Calviá"]
[Site "Calvia ESP"]
[Date "2006.10.25"]
[Round "6.38"]
[White "Uribe Arteaga, Daniel"]
[Black "Rautanen, Sari"]
[Result "1/2-1/2"]
[WhiteElo "2202"]
[BlackElo "1925"]
[PlyCount "155"]
[EventDate "2006.10.20"]
[EventType "swiss"]
[EventRounds "9"]
[EventCountry "ESP"]
[Source "lmi"]
[SourceDate "2006.10.20"]

1. d4 d6 2. Nf3 g6 3. c4 Nf6 4. g3 Bg7 5. Bg2 O-O 6. O-O Nbd7 7. Nc3 e5 8. d5
a5 9. e4 Nc5 10. Ne1 Ne8 11. f4 exf4 12. Bxf4 f5 13. exf5 Bxf5 14. Be3 Qd7 15.
Bd4 Bxd4+ 16. Qxd4 Qg7 17. Qxg7+ Kxg7 18. b3 Nf6 19. Nf3 Bd7 20. Nd4 Rae8 21.
Rae1 b6 22. Nc6 Nd3 23. Rd1 Ne5 24. Nb5 Bxc6 25. dxc6 Re7 26. h3 Ne8 27. Rfe1
Ref7 28. Nd4 Re7 29. Bd5 Kh6 30. Rf1 Rxf1+ 31. Rxf1 Ng7 32. g4 Kg5 33. Kg2 h5
34. Kg3 h4+ 35. Kg2 Re8 36. Nb5 Re7 37. Rf8 Nd3 38. Nd4 Ne5 39. a3 Re8 40. Rf1
Re7 41. b4 axb4 42. axb4 Re8 43. Ra1 Re7 44. Ra7 Nd3 45. Nf3+ Kf4 46. Ra3 Nxb4
47. Nxh4 Kg5 48. Nf3+ Kf4 49. Nd4 Nxd5 50. cxd5 Ke4 51. Nb5 Kxd5 52. Rc3 Ne6
53. Rc2 Nc5 54. Na7 Rf7 55. Kg3 Ne4+ 56. Kg2 g5 57. Nb5 Ke5 58. Re2 d5 59. Ra2
d4 60. Ra8 d3 61. Rd8 Nc5 62. Nd4 Ke4 63. Nf5 Kf4 64. Rd4+ Ke5 65. Rd8 Kf4 66.
Re8 Ne4 67. Kf1 Ng3+ 68. Nxg3 Kxg3+ 69. Ke1 Kxh3 70. Rd8 Kxg4 71. Rd7 Rf4 72.
Rxc7 Rc4 73. Kd2 b5 74. Kxd3 Kg3 75. Rc8 g4 76. c7 Kg2 77. Rg8 Rxc7 78. Rxg4+
1/2-1/2

[Event "3. Open Internacional de Calviá"]
[Site "Calvia ESP"]
[Date "2006.10.25"]
[Round "6.39"]
[White "Canyelles Frau, Josep"]
[Black "Planas Gene, Juan"]
[Result "1-0"]
[WhiteElo "2080"]
[BlackElo "2191"]
[PlyCount "37"]
[EventDate "2006.10.20"]
[EventType "swiss"]
[EventRounds "9"]
[EventCountry "ESP"]
[Source "lmi"]
[SourceDate "2006.10.20"]

1. e4 e5 2. Nf3 Nc6 3. d4 exd4 4. Bc4 Nf6 5. O-O Bc5 6. e5 d5 7. exf6 dxc4 8.
fxg7 Rg8 9. Bg5 Qd5 10. Nc3 Qf5 11. Ne4 Be7 12. Bxe7 Kxe7 13. Re1 Be6 14. Nxd4
Nxd4 15. Qxd4 b6 16. Rad1 Qg6 17. Qe5 Rac8 18. Ng3 Ke8 19. f4 1-0

[Event "3. Open Internacional de Calviá"]
[Site "Calvia ESP"]
[Date "2006.10.25"]
[Round "6.40"]
[White "Tate, Alan"]
[Black "Hoenick, Andreas"]
[Result "1-0"]
[WhiteElo "2052"]
[BlackElo "2177"]
[PlyCount "57"]
[EventDate "2006.10.20"]
[EventType "swiss"]
[EventRounds "9"]
[EventCountry "ESP"]
[Source "lmi"]
[SourceDate "2006.10.20"]

1. e4 e6 2. d4 d5 3. Nd2 c5 4. Ngf3 cxd4 5. Nxd4 Nf6 6. e5 Nfd7 7. N2f3 Nc6 8.
Bb5 Qb6 9. a4 Bc5 10. c3 O-O 11. b4 Nxd4 12. Nxd4 Be7 13. f4 a5 14. Be3 Qc7 15.
O-O Rd8 16. Rc1 Nb6 17. f5 exf5 18. Nxf5 Nc4 19. Bxc4 dxc4 20. Qg4 Bf8 21. Nh6+
Kh8 22. Qh4 gxh6 23. Rxf7 Qc6 24. Rcf1 Be6 25. R7f6 Bg7 26. Rxh6 Bxh6 27. Qxh6
Bg4 28. e6 Qxe6 29. Rf8+ 1-0

[Event "3. Open Internacional de Calviá"]
[Site "Calvia ESP"]
[Date "2006.10.26"]
[Round "7.1"]
[White "Strikovic, Aleksa"]
[Black "Conquest, Stuart"]
[Result "1-0"]
[WhiteElo "2535"]
[BlackElo "2530"]
[PlyCount "103"]
[EventDate "2006.10.20"]
[EventType "swiss"]
[EventRounds "9"]
[EventCountry "ESP"]
[Source "lmi"]
[SourceDate "2006.10.20"]

1. e4 c6 2. d3 e5 3. Nf3 Nf6 4. Nbd2 d6 5. g3 g6 6. Bg2 Bg7 7. O-O O-O 8. c3
Nbd7 9. d4 Qc7 10. Re1 b6 11. a4 a5 12. Nc4 Ba6 13. Nxd6 Ng4 14. h3 Nxf2 15.
Kxf2 Qxd6 16. dxe5 Qe6 17. Bf4 Nxe5 18. Nxe5 Bxe5 19. Bxe5 Qxe5 20. Qd4 Qe7 21.
Rad1 Rfd8 22. Qe3 c5 23. e5 Rab8 24. Bd5 Bc8 25. h4 Bg4 26. Rd2 b5 27. axb5
Rxb5 28. c4 Rb6 29. Kg1 Rdb8 30. Rf1 Be6 31. Rff2 Rb3 32. Qf4 a4 33. Kh2 Kg7
34. Kg2 h6 35. Kh2 R3b6 36. Kg2 Rb4 37. Qe3 Rb3 38. Qe4 R3b4 39. Qe3 Rb3 40.
Qf4 Bxd5+ 41. cxd5 R8b4 42. Qf6+ Qxf6 43. exf6+ Kf8 44. d6 Rb8 45. d7 Rd8 46.
Rf4 Rb6 47. g4 g5 48. hxg5 hxg5 49. Rf5 c4 50. Kf3 Rb3+ 51. Ke4 Rh3 52. Rc5 1-0

[Event "3. Open Internacional de Calviá"]
[Site "Calvia ESP"]
[Date "2006.10.26"]
[Round "7.2"]
[White "Romanishin, Oleg M"]
[Black "Tiviakov, Sergei"]
[Result "1/2-1/2"]
[WhiteElo "2542"]
[BlackElo "2680"]
[PlyCount "47"]
[EventDate "2006.10.20"]
[EventType "swiss"]
[EventRounds "9"]
[EventCountry "ESP"]
[Source "lmi"]
[SourceDate "2006.10.20"]

1. d4 Nf6 2. Nf3 e6 3. g3 b6 4. Bg2 Bb7 5. c4 Be7 6. Nc3 Na6 7. O-O O-O 8. Qa4
Qc8 9. Rd1 Ne4 10. Bd2 f5 11. Ne5 Nxc3 12. Bxc3 Bxg2 13. Kxg2 Nb8 14. Nd3 d6
15. c5 Nd7 16. Qc6 Nf6 17. Rac1 Nd5 18. Nb4 Qe8 19. cxd6 Bxd6 20. Qxe8 Rfxe8
21. Nc6 Kf7 22. Bd2 Ne7 23. Bb4 Rec8 24. Nxe7 1/2-1/2

[Event "3. Open Internacional de Calviá"]
[Site "Calvia ESP"]
[Date "2006.10.26"]
[Round "7.4"]
[White "Bruzon, Lazaro"]
[Black "Bartel, Mateusz"]
[Result "1-0"]
[WhiteElo "2648"]
[BlackElo "2569"]
[PlyCount "93"]
[EventDate "2006.10.20"]
[EventType "swiss"]
[EventRounds "9"]
[EventCountry "ESP"]
[Source "lmi"]
[SourceDate "2006.10.20"]

1. Nf3 f5 2. g3 g6 3. Bg2 Bg7 4. d4 Nf6 5. O-O O-O 6. c4 c6 7. Nc3 Na6 8. Rb1
Ne4 9. Qb3 Kh8 10. Bf4 d6 11. Nxe4 fxe4 12. Nd2 Bxd4 13. Nxe4 Qb6 14. Qd1 Bf5
15. b4 Bg7 16. Be3 Qd8 17. b5 cxb5 18. Rxb5 b6 19. Rb3 Rc8 20. Ra3 Bxe4 21.
Bxe4 Nc5 22. Bxc5 Rxc5 23. Rxa7 Rxc4 24. Bf3 Rc7 25. Ra4 Rc5 26. h4 b5 27. Ra8
Rc8 28. Rxc8 Qxc8 29. Qb1 Qd7 30. Kg2 Bd4 31. Qd3 Qa7 32. e3 Be5 33. Bd5 Qc5
34. Qe4 Qc3 35. Bb3 Bf6 36. Rd1 Qb2 37. Qd3 Bc3 38. Bc2 Be5 39. h5 Qxa2 40.
hxg6 Qa8+ 41. Kg1 Bg7 42. Qxb5 Qf3 43. Rd2 Bc3 44. Re2 Be1 45. Qb2+ Rf6 46. Bd3
Qd5 47. Qb8+ 1-0

[Event "3. Open Internacional de Calviá"]
[Site "Calvia ESP"]
[Date "2006.10.26"]
[Round "7.5"]
[White "Neelotpal, Das"]
[Black "Nijboer, Friso"]
[Result "0-1"]
[WhiteElo "2490"]
[BlackElo "2641"]
[PlyCount "124"]
[EventDate "2006.10.20"]
[EventType "swiss"]
[EventRounds "9"]
[EventCountry "ESP"]
[Source "lmi"]
[SourceDate "2006.10.20"]

1. e4 c5 2. Nf3 Nc6 3. Nc3 d6 4. d4 cxd4 5. Nxd4 Nf6 6. Bg5 e6 7. Qd2 a6 8.
O-O-O Bd7 9. f4 h6 10. Bxf6 Qxf6 11. Nf3 Qd8 12. Kb1 Qc7 13. Qe3 Rc8 14. f5 Ne5
15. fxe6 Bxe6 16. Bd3 Qc5 17. Qxc5 Rxc5 18. Nd4 Be7 19. Be2 g6 20. Na4 Rc7 21.
Nb6 O-O 22. Rhf1 Kg7 23. Nxe6+ fxe6 24. b3 Rxf1 25. Rxf1 h5 26. a4 Rc6 27. Nc4
Nd7 28. Bf3 b5 29. Nb2 Nc5 30. axb5 axb5 31. Rd1 Rb6 32. Nd3 Nxd3 33. cxd3 Bg5
34. d4 Kf6 35. Be2 h4 36. Rf1+ Ke7 37. d5 Bf6 38. Rc1 exd5 39. exd5 Be5 40.
Rc7+ Kf6 41. h3 Bf4 42. Kb2 Ke5 43. Bf3 Kd4 44. Rc6 Rb8 45. Ra6 Kd3 46. b4 Kc4
47. Ka3 Bc1+ 48. Ka2 Bf4 49. Ka3 Re8 50. Rc6+ Kd4 51. Kb2 Re1 52. Rc2 Be5 53.
Rc6 Kd3+ 54. Ka2 Bc3 55. Kb3 Rb1+ 56. Ka3 Rxb4 57. Rxd6 Ra4+ 58. Kb3 Rb4+ 59.
Ka3 Kc2 60. Ra6 Rb3+ 61. Ka2 Rb2+ 62. Ka3 Bb4# 0-1

[Event "3. Open Internacional de Calviá"]
[Site "Calvia ESP"]
[Date "2006.10.26"]
[Round "7.6"]
[White "Hernandez, Holden"]
[Black "Spraggett, Kevin"]
[Result "1/2-1/2"]
[WhiteElo "2524"]
[BlackElo "2610"]
[PlyCount "329"]
[EventDate "2006.10.20"]
[EventType "swiss"]
[EventRounds "9"]
[EventCountry "ESP"]
[Source "lmi"]
[SourceDate "2006.10.20"]

1. Nf3 Nf6 2. c4 c5 3. g3 b6 4. Bg2 Bb7 5. O-O e6 6. Nc3 Be7 7. b3 d5 8. e3 O-O
9. Bb2 dxc4 10. bxc4 Nc6 11. Qe2 Qc7 12. Nb5 Qd7 13. Rfd1 a6 14. Nc3 Qc7 15. d3
Rab8 16. a3 Na5 17. Qc2 Nd7 18. Rab1 Rfe8 19. Ne1 Bxg2 20. Nxg2 b5 21. cxb5
axb5 22. Ba1 Qc6 23. Ne4 Bf8 24. Nf4 e5 25. Ne2 Qe6 26. Nd2 Nc6 27. Qb3 Qxb3
28. Rxb3 b4 29. Nc4 f6 30. Nc1 Ra8 31. Ne2 Ra6 32. axb4 cxb4 33. Rbb1 Rc8 34.
Nd2 Nc5 35. d4 exd4 36. exd4 Na4 37. Nb3 Na5 38. Nxa5 Rxa5 39. d5 Bd6 40. Kf1
Nb6 41. Rd3 Rxd5 42. Rxd5 Nxd5 43. Rd1 Rc5 44. Nd4 Be7 45. Nb3 Rb5 46. Nd4 Ra5
47. Nb3 Ra3 48. Rb1 Kf7 49. Ke2 Ra2+ 50. Rb2 Nc3+ 51. Kd3 Ra3 52. Kc4 Ra8 53.
Rc2 Rc8+ 54. Kd3 Rd8+ 55. Kc4 Ne4 56. Re2 Rc8+ 57. Kd5 Nc3+ 58. Bxc3 Rxc3 59.
Nd4 g6 60. g4 Rc5+ 61. Ke4 Rc1 62. Rb2 Re1+ 63. Kf3 Re5 64. Nc6 Rb5 65. Ke4 Bd6
66. h3 f5+ 67. Kd3 fxg4 68. hxg4 h5 69. gxh5 gxh5 70. Nd4 Rb6 71. Rb3 Be7 72.
Ke4 Bf6 73. Nc2 Bc3 74. Ne3 h4 75. Kf3 Rg6 76. Rb1 h3 77. Rh1 Rh6 78. Kg3 b3
79. Nd1 Be5+ 80. f4 Bg7 81. Rxh3 Rd6 82. Rh1 b2 83. Nxb2 Bxb2 84. Kg4 Bf6 85.
Rb1 Rd7 86. Rb6 Kg6 87. Ra6 Rd1 88. Ra3 Rg1+ 89. Rg3 Re1 90. Ra3 Bd4 91. Ra6+
Kf7 92. Ra4 Rd1 93. Kf5 Ke7 94. Ra6 Kd7 95. Rh6 Bc5 96. Ra6 Rf1 97. Ra4 Bd6 98.
Rc4 Ra1 99. Re4 Ra8 100. Rc4 Rf8+ 101. Kg4 Ke6 102. Ra4 Rg8+ 103. Kf3 Rg1 104.
Ke4 Rf1 105. Ke3 Kd5 106. Rd4+ Kc6 107. Rc4+ Kb5 108. Re4 Bc5+ 109. Ke2 Rf2+
110. Kd3 Kc6 111. Re6+ Kd7 112. Rf6 Ke7 113. Rc6 Bd6 114. Ke3 Rf1 115. Rc4 Ke6
116. Ke2 Ra1 117. Kd3 Kf5 118. Rc8 Kxf4 119. Rc4+ Kf3 120. Rc2 Bf4 121. Rc6
Rd1+ 122. Kc4 Ke4 123. Re6+ Be5 124. Re8 Rc1+ 125. Kb5 Kd5 126. Ka4 Rb1 127.
Rc8 Bd6 128. Rc3 Bc5 129. Rb3 Ra1+ 130. Kb5 Ra8 131. Rd3+ Bd4 132. Rb3 Ra7 133.
Kb4 Bc5+ 134. Kb5 Kd4 135. Kc6 Kc4 136. Rb7 Ra6+ 137. Kd7 Kd5 138. Ke8 Rf6 139.
Rf7 Rg6 140. Kd7 Bd6 141. Rf5+ Be5 142. Rf7 Rd6+ 143. Ke8 Rb6 144. Kd7 Rc6 145.
Ke8 Rg6 146. Kd7 Bf6 147. Ke8 Rh6 148. Kd7 Be5 149. Ke7 Ra6 150. Kd7 Bf6 151.
Ke8 Ra8+ 152. Kd7 Ke5 153. Kc6 Ke6 154. Rb7 Be5 155. Rb3 Rc8+ 156. Kb5 Kd5 157.
Rd3+ Bd4 158. Rb3 Bc3 159. Ka4 Kd4 160. Kb5 Kd3 161. Ka6 Kc4 162. Kb7 Rd8 163.
Rb6 Ba5 164. Rg6 Rd5 165. Kc6 1/2-1/2

[Event "3. Open Internacional de Calviá"]
[Site "Calvia ESP"]
[Date "2006.10.26"]
[Round "7.8"]
[White "Cramling, Pia"]
[Black "Godena, Michele"]
[Result "0-1"]
[WhiteElo "2528"]
[BlackElo "2522"]
[PlyCount "112"]
[EventDate "2006.10.20"]
[EventType "swiss"]
[EventRounds "9"]
[EventCountry "ESP"]
[Source "lmi"]
[SourceDate "2006.10.20"]

1. d4 d5 2. Nf3 Nf6 3. c4 c6 4. Qb3 e6 5. Bg5 Nbd7 6. Nc3 Qa5 7. Bd2 Qc7 8. g3
Be7 9. Bg2 O-O 10. O-O dxc4 11. Qxc4 e5 12. Rad1 Nb6 13. Qd3 exd4 14. Bf4 Bd6
15. Qxd4 Bxf4 16. Qxf4 Qxf4 17. gxf4 Bg4 18. Ne5 Be6 19. Rd4 Rfd8 20. Rfd1 Rxd4
21. Rxd4 Nfd5 22. Nxd5 Bxd5 23. Bxd5 Nxd5 24. Nd3 b6 25. Ne5 Ne7 26. Rd7 Kf8
27. Rc7 c5 28. Kg2 f6 29. Nd3 Nd5 30. Rd7 Nb4 31. Nxb4 cxb4 32. e4 a5 33. Rb7
Re8 34. Kf3 Re6 35. Rc7 Rd6 36. Ke2 Rd4 37. f3 f5 38. Rc2 b3 39. axb3 fxe4 40.
fxe4 Rxe4+ 41. Kf3 Rb4 42. Rc3 h5 43. Kg3 Kf7 44. Kf3 Ke6 45. Rd3 g6 46. h3 Kf6
47. Rd6+ Ke7 48. Rd3 Ke6 49. Ke3 b5 50. Kf3 a4 51. bxa4 bxa4 52. Ra3 Kf5 53.
Rc3 Rxf4+ 54. Ke3 Rb4 55. Rc5+ Kf6 56. Rc6+ Kg5 0-1

[Event "3. Open Internacional de Calviá"]
[Site "Calvia ESP"]
[Date "2006.10.26"]
[Round "7.9"]
[White "Zawadzki, Stanislaw"]
[Black "Ghaem Maghami, Ehsan"]
[Result "1-0"]
[WhiteElo "2422"]
[BlackElo "2580"]
[PlyCount "69"]
[EventDate "2006.10.20"]
[EventType "swiss"]
[EventRounds "9"]
[EventCountry "ESP"]
[Source "lmi"]
[SourceDate "2006.10.20"]

1. c4 Nf6 2. Nf3 c5 3. Nc3 e6 4. g3 b6 5. Bg2 Bb7 6. O-O Be7 7. d4 cxd4 8. Qxd4
O-O 9. Rd1 d6 10. b3 Nbd7 11. Bb2 a6 12. Qf4 Qc7 13. g4 Rfd8 14. g5 Ne8 15.
Rac1 Rac8 16. Ne4 Nf8 17. Qg4 h5 18. Qf4 Ng6 19. Qe3 Qb8 20. Ng3 h4 21. Nh5 d5
22. cxd5 Bxd5 23. Rxc8 Rxc8 24. Bd4 Bd6 25. Bxb6 h3 26. Rxd5 hxg2 27. Rd1 Rc2
28. a4 e5 29. a5 Qc8 30. Qe4 Nf4 31. Nxf4 exf4 32. Bd8 Kf8 33. Qh7 f5 34. Qh8+
Kf7 35. g6+ 1-0

[Event "3. Open Internacional de Calviá"]
[Site "Calvia ESP"]
[Date "2006.10.26"]
[Round "7.10"]
[White "Sulskis, Sarunas"]
[Black "Gonzales, Jayson"]
[Result "1-0"]
[WhiteElo "2518"]
[BlackElo "2418"]
[PlyCount "87"]
[EventDate "2006.10.20"]
[EventType "swiss"]
[EventRounds "9"]
[EventCountry "ESP"]
[Source "lmi"]
[SourceDate "2006.10.20"]

1. e4 Nf6 2. e5 Nd5 3. d4 d6 4. Nf3 c6 5. h3 dxe5 6. dxe5 Bf5 7. g4 Bc8 8. a3
h5 9. g5 g6 10. c4 Nc7 11. Qxd8+ Kxd8 12. b4 Bg7 13. Bb2 Ne6 14. Nbd2 Kc7 15.
Ke2 c5 16. b5 b6 17. Ke3 Bb7 18. Bd3 Nd7 19. Be4 Nd4 20. Nxd4 cxd4+ 21. Bxd4
Bxe5 22. Bxe5+ Nxe5 23. Bxb7 Kxb7 24. f4 Nd7 25. Ne4 Rhc8 26. Rhd1 Rc7 27. a4
a6 28. Rd5 axb5 29. cxb5 Nf8 30. f5 Rd7 31. Rxd7+ Nxd7 32. fxg6 fxg6 33. Kd4
Rf8 34. Rc1 Rf5 35. Rc6 Nf8 36. Nc3 Rxg5 37. Nd5 Rg1 38. Rxb6+ Ka7 39. Ra6+ Kb7
40. Rb6+ Ka7 41. a5 Ra1 42. a6 Rd1+ 43. Ke4 Re1+ 44. Kf3 1-0